000 00365 a2200145 4500
003 Nust
005 20170207154218.0
040 _cNust
082 _a808.23
100 _aKhan, Inayat Sher
245 _aSher-e-Daghistan
_cMajor Inayat Sher Khan (translator)
260 _aRawalpindi
_bArmy Education Press
_c2007
300 _a543 p.
538 _aAlmirah No.66, Shelf No.5
942 _2ddc
_cBK
999 _c195158
_d195158